Ətraf mühitin iqtisadiyyatı (Record no. 479)
[ view plain ]
| 000 -LEADER | |
|---|---|
| fixed length control field | 03717nam a22003377a 4500 |
| 003 - CONTROL NUMBER IDENTIFIER | |
| control field | OSt |
| 005 - DATE AND TIME OF LATEST TRANSACTION | |
| control field | 20260514110218.0 |
| 008 - FIXED-LENGTH DATA ELEMENTS--GENERAL INFORMATION | |
| fixed length control field | 260514b |||||||| |||| 00| 0 aze d |
| 040 ## - CATALOGING SOURCE | |
| Original cataloging agency | AZ-XaKU |
| Language of cataloging | aze |
| Transcribing agency | AZ-XaKU |
| 041 ## - LANGUAGE CODE | |
| Language code of text/sound track or separate title | aze |
| 050 04 - LIBRARY OF CONGRESS CALL NUMBER | |
| Classification number | HC79 .Ib7 2015 |
| 100 1# - MAIN ENTRY--PERSONAL NAME | |
| Personal name | İbrahimov, İslam, |
| Relator term | müəllif. |
| 245 1# - TITLE STATEMENT | |
| Title | Ətraf mühitin iqtisadiyyatı |
| Statement of responsibility, etc. | / İslam İbrahimov ; elmi redaktor İbad Abbasov ; rəyçilər Gəncəli Gənciyev, Anar Abbasov, Rahim Sadıqov |
| 264 ## - PRODUCTION, PUBLICATION, DISTRIBUTION, MANUFACTURE, AND COPYRIGHT NOTICE | |
| Place of production, publication, distribution, manufacture | Bakı: |
| Name of producer, publisher, distributor, manufacturer | "Bakı Biznes Universiteti", |
| Date of production, publication, distribution, manufacture, or copyright notice | 2015. |
| 300 ## - PHYSICAL DESCRIPTION | |
| Extent | 357 səhifə ; |
| Dimensions | 21,5 sm. |
| 336 ## - CONTENT TYPE | |
| Content type term | text |
| Content type code | txt |
| Source | rdacontent |
| 337 ## - MEDIA TYPE | |
| Media type term | unmediated |
| Media type code | n |
| Source | rdamedia |
| 338 ## - CARRIER TYPE | |
| Carrier type term | volume |
| Carrier type code | nc |
| Source | rdacarrier |
| 504 ## - BIBLIOGRAPHY, ETC. NOTE | |
| Bibliography, etc. note | İstifadə olunmuş ədəbiyyat: s.348-349 |
| 505 0# - Formatted Contents Note | |
| Formatted contents note | Giriş -- I Fəsil. "Ətraf mühitin iqtisadiyyatı" fənninin predmeti məqsəd və vəzifələri -- II Fəsil. İqtisadi inkişafın ekologiyalaşdırılmasının əsas istiqamətləri və dayanıqlı inkişaf -- III Fəsil. Təbii proseslərin pozulmasının canlı aləmin sağlamlığına mənfi təsiri -- IV Fəsil. Su, torpaq və meşə ehtiyatları, mineral və bioloji ehtiyatlar və onların mühafizəsi yolları -- V Fəsil. Təbiətlə cəmiyyətin qarşılıqlı əlaqəsi və onun tənzimlənməsi -- VI Fəsil. İqtisadi inkişaf və ekoloji amillər -- VII Fəsil. Ətraf mühit və təbii ehtiyatların qiymətləndirilməsi funksiyaları və növləri -- VIII Fəsil. Ətraf mühitə çirklənmədən dəyən sosial-iqtisadi zərərin müəyyən olunması -- IX Fəsil. Təbii mühitə çəkilən xərclər və onun səmərəliliyini təyin edən üsullar -- X Fəsil. Ətraf mühitdən istifadədə maliyyə xərclərinin istiqaməti və təyinatı -- XI Fəsil. Ətraf mühitdən istifadənin iqtisadi səmərəliliyi -- XII Fəsil. Ətraf mühitin mühafizə fəaliyyətinin idarə edilməsi və ekoloji sahibkarlıq -- XIII Fəsil. Təbiəti mühafizə fəaliyyətinin idarə edilməsinin maliyyə mənbələri -- XIV Fəsil. Ətraf mühitdən istifadənin iqtisadi tənzimləmə sistemləri -- XV Fəsil. Ətraf mühitdən istifadənin iqtisadiyyatında ekoloji sığorta sistemi, menecment, informasiya və təhsil, beynəlxalq əməkdaşlıq. |
| 520 ## - SUMMARY, ETC. | |
| Summary, etc. | Dərs vəsaiti ətraf mühitin iqtisadiyyatı elminin mahiyyəti, metodları, vəzifələri, ətraf mühitin mühafizəsi, təbii ehtiyatlar, ekologiya və iqtisadiyyatın qarşılıqlı əlaqələri, təbii sərvətlərdən istifadə və onun səmərəliliyi, təbii ehtiyatların qiymətləndirilməsi, ətraf mühitin çirklənməsindən dəyən ziyanın müəyyən edilməsi məsələləri müasir tələblər baxımından şərh edilir. Kitabda ətraf mühit və təbiətdən istifadədə maliyyə xərclərinin istiqamətləri, təbiəti mühafizə fəaliyyətinin idarə edilməsi, ekoloji sahibkarlıq, ətraf mühitin idarə edilməsinin maliyyə mənbələri, ödənişləri, iqtisadi tənzimləmə mexanizmləri, fondların yaradılması, vergi, bank, sığorta sistemləri, menecment, informasiya və təhsil haqqında məsələlər öz əksini tapmışdır. Dərs vəsaiti Universitetin "Ətraf mühitin iqtisadiyyatı" fənni üzrə tədris proqramına uyğun tərtib edilmişdir. |
| 521 ## - TARGET AUDIENCE NOTE | |
| Target audience note | Kitabdan iqtisadi yönümlü universitetlər, elmi-tədqiqat müəssisələrinin əməkdaşları, tələbə və mütəxəssislər bəhrələnə bilər. |
| 650 #7 - SUBJECT ADDED ENTRY--TOPICAL TERM | |
| Topical term or geographic name entry element | İqtisadi Coğrafiya |
| Source of heading or term | AZ-XaKU |
| 655 ## - INDEX TERM--GENRE/FORM | |
| Source of term | AZ-XaKU |
| Genre/form data or focus term | Dərslik |
| 700 1# - ADDED ENTRY--PERSONAL NAME | |
| Personal name | Abbasov, İbad, |
| Fuller form of name | elmi redaktor. |
| 700 1# - ADDED ENTRY--PERSONAL NAME | |
| Personal name | Gənciyev, Gəncəli, |
| Fuller form of name | rəyçi. |
| 700 1# - ADDED ENTRY--PERSONAL NAME | |
| Personal name | Abbasov, Anar, |
| Fuller form of name | rəyçi. |
| 700 1# - ADDED ENTRY--PERSONAL NAME | |
| Personal name | Sadıqov, Rahim, |
| Fuller form of name | rəyçi. |
| 942 ## - ADDED ENTRY ELEMENTS (KOHA) | |
| Koha item type | Book |
| Withdrawn status | Lost status | Source of classification or shelving scheme | Damaged status | Not for loan | Collection | Home library | Current library | Date acquired | Total checkouts | Full call number | Barcode | Date last seen | Copy number | Price effective from | Koha item type |
|---|---|---|---|---|---|---|---|---|---|---|---|---|---|---|---|
| Library of Congress Classification | General Collection | Karabakh University Main Library | Karabakh University Main Library | 05/14/2026 | HC79 .Ib7 2015 | 0000000360 | 05/14/2026 | 1 | 05/14/2026 | Book | |||||
| Library of Congress Classification | General Collection | Karabakh University Main Library | Karabakh University Main Library | 05/14/2026 | HC79 .Ib7 2015 c.2 | 0000000361 | 05/14/2026 | 2 | 05/14/2026 | Book | |||||
| Library of Congress Classification | General Collection | Karabakh University Main Library | Karabakh University Main Library | 05/14/2026 | HC79 .Ib7 2015 c.3 | 0000000362 | 05/14/2026 | 3 | 05/14/2026 | Book | |||||
| Library of Congress Classification | General Collection | Karabakh University Main Library | Karabakh University Main Library | 05/14/2026 | HC79 .Ib7 2015 c.4 | 0000000363 | 05/14/2026 | 4 | 05/14/2026 | Book | |||||
| Library of Congress Classification | General Collection | Karabakh University Main Library | Karabakh University Main Library | 05/14/2026 | HC79 .Ib7 2015 c.5 | 0000000364 | 05/14/2026 | 5 | 05/14/2026 | Book |